[Event "amistoso"]
[Site "http://www.queenalice.com/game.php?id=522738"]
[Date "2009.1.15"]
[Round "-"]
[White "BEBADO"]
[Black "robiguapi"]
[Result "1-0"]
[WhiteElo "2113"]
[BlackElo "1285"]

1. d4 d5 2. c4 Be6 3. Nc3 c6 4. Nf3 Nf6 5. Bf4 Qa5 6. Ng5 Bd7 7. e3 Qb4 8. Qc2
g6 9. a3 Bf5 10. e4 Qa5 11. exf5 b5 12. cxb5 cxb5 13. Bxb5+ Nfd7 14. Ne6 fxe6
15. fxe6 a6 16. Bxd7+ Nxd7 17. exd7+ Kxd7 18. O-O Rg8 19. b4 Qb6 20. Nxd5 Qxd4
21. Rad1 Qa7 22. Nf6+ Ke6 23. Nxg8 Bg7 24. Qa2+ Kf5 25. Qf7+ Kg4 26. h3+ Kh5 27.
Rd5+ e5 28. Nf6+ Kh4 29. Bg3+ 1-0

[Event "Challenge"]
[Site "http://www.queenalice.com/game.php?id=522739"]
[Date "2009.1.15"]
[Round "-"]
[White "robiguapi"]
[Black "BEBADO"]
[Result "0-1"]
[WhiteElo "1422"]
[BlackElo "2191"]

1. e4 c5 2. Bc4 e6 3. Nf3 Nc6 4. d3 d5 5. Bb3 Nf6 6. Be3 dxe4 7. Nfd2 exd3 8.
cxd3 Qxd3 9. Qc2 Qxc2 10. Bxc2 Nb4 11. Ba4+ Bd7 12. Bxd7+ Nxd7 13. Ke2 Nc2 14.
Nb3 Nxa1 15. Nxa1 Be7 16. Nc3 O-O 17. Rd1 Rfd8 18. Nb3 Nb6 19. Nxc5 Bxc5 20.
Bxc5 Rxd1 21. Kxd1 Rd8+ 22. Ke1 Nc4 23. b3 b6 24. Be7 Rd7 25. Bh4 Ne5 26. Bg3
Nd3+ 27. Kf1 f5 28. a4 f4 29. Bh4 h6 30. g3 g5 31. Ne4 Rd4 32. Bxg5 hxg5 33. f3
Rxe4 34. fxe4 f3 35. h3 Kf7 36. h4 g4 37. b4 Kf6 38. a5 b5 39. a6 Nxb4 40. Kf2
Ke5 41. h5 Nxa6 42. h6 Kf6 0-1

[Event "Challenge"]
[Site "http://www.queenalice.com/game.php?id=522802"]
[Date "2009.1.15"]
[Round "-"]
[White "robiguapi"]
[Black "furmigaotora"]
[Result "0-1"]
[WhiteElo "1419"]
[BlackElo "1587"]

1. e4 e5 2. Nf3 Nc6 3. d4 exd4 4. Nxd4 Nf6 5. f3 Bb4+ 6. Bd2 Bc5 7. Bc3 O-O 8.
Nd2 Nxd4 9. b4 Bb6 10. a4 a6 11. a5 Ba7 12. Nc4 Qe7 13. Bxd4 Nxe4 14. Bxa7 Qxb4+
15. Nd2 Nc3 16. Qc1 Re8+ 17. Kf2 Rxa7 18. g4 Qc5+ 19. Kg2 Ra8 20. Bc4 Ne2 21.
Qb2 Qd6 22. Rad1 Nf4+ 23. Kf1 b5 24. Ba2 c5 25. Qb1 Bb7 26. Qb3 c4 27. Qb1 Qa3
28. Re1 Bxf3 29. Rg1 Bg2+ 0-1

[Event "Challenge"]
[Site "http://www.queenalice.com/game.php?id=522803"]
[Date "2009.1.15"]
[Round "-"]
[White "furmigaotora"]
[Black "robiguapi"]
[Result "1-0"]
[WhiteElo "1100"]
[BlackElo "1401"]

1. d4 d5 2. c4 e6 3. Nf3 dxc4 4. e3 Nf6 5. Bxc4 c5 6. Qa4+ Bd7 7. Bb5 a6 8. Ne5
Bxb5 9. Qc2 Bd6 10. Nf3 Qa5+ 11. Bd2 Qc7 12. Na3 Bc6 13. Nc4 cxd4 14. Nxd4 O-O
15. Nf3 Ne4 16. Rd1 Nxd2 17. Ncxd2 e5 18. Ng5 Nd7 19. Qxh7# 1-0

[Event "Challenge"]
[Site "http://www.queenalice.com/game.php?id=522804"]
[Date "2009.1.15"]
[Round "-"]
[White "robiguapi"]
[Black "NikaZ"]
[Result "0-1"]
[WhiteElo "1427"]
[BlackElo "1724"]

1. e4 e6 2. d4 d5 3. Nd2 c5 4. c3 Nf6 5. e5 Nfd7 6. Ngf3 Nc6 7. Bd3 Qb6 8. O-O
cxd4 9. Nb3 dxc3 10. bxc3 a6 11. a3 Ndxe5 12. Nbd4 Nxf3+ 13. Nxf3 Bc5 14. Be3
Bxe3 15. fxe3 Qxe3+ 16. Rf2 O-O 17. Qd2 Qxd2 18. Nxd2 Ne5 19. Bc2 Ng4 20. Rf4 e5
21. Rff1 Ne3 22. Rfc1 Nxc2 23. Rxc2 Bf5 24. Rb2 b5 25. Rf1 Bg6 26. Nf3 e4 27.
Ne5 Rae8 28. Nd7 Re7 29. Nxf8 Kxf8 30. Rf4 e3 31. Kf1 e2+ 32. Ke1 Bd3 33. Rd2
Bc4 34. Rfd4 g6 35. Rd1 exd1=R+ 36. Kxd1 Re4 37. Rd2 Ke7 38. h3 Ke6 39. g4 f5
40. gxf5+ Kxf5 41. Rh2 Bb3+ 42. Kd2 Kf4 43. Rh1 Kg3 44. Rf1 Kxh3 45. Rf7 Ra4 0-1

[Event "Let's Play Chess!"]
[Site "http://www.queenalice.com/game.php?id=522807"]
[Date "2009.1.15"]
[Round "-"]
[White "robiguapi"]
[Black "Matrix"]
[Result "0-1"]
[WhiteElo "1295"]
[BlackElo "1687"]

1. e4 e5 2. Nf3 Nf6 3. Bb5 Nxe4 4. O-O c6 5. Bd3 d5 6. Be2 Be6 7. Nxe5 Bd6 8.
Nc4 dxc4 9. f3 Ng3 10. Rf2 Qh4 11. f4 Bxf4 12. Bf3 Nf5 13. g3 Bxg3 14. hxg3
Qxg3+ 15. Kf1 O-O 16. b3 Rd8 17. Qe1 Nh4 18. Ke2 Bg4 19. Bxg4 Qxg4+ 20. Kf1 Kf8
21. Ba3+ Kg8 22. Qe7 Nd7 23. Rxf7 Qg2+ 24. Ke1 Nf3+ 25. Rxf3 Qxf3 26. bxc4 Re8
27. Nc3 Rxe7+ 28. Bxe7 Qh1+ 29. Ke2 Qxa1 30. a4 Re8 0-1

[Event "Let's Play Chess!"]
[Site "http://www.queenalice.com/game.php?id=522808"]
[Date "2009.1.15"]
[Round "-"]
[White "CampbellMarcel"]
[Black "robiguapi"]
[Result "1-0"]
[WhiteElo "1758"]
[BlackElo "1285"]

1. e4 e5 2. b3 Nc6 3. Bb2 d6 4. Nf3 Be7 5. c3 Nf6 6. d3 Be6 7. g3 Qd7 8. Bg2 d5
9. Nbd2 Bg4 10. h3 Bxf3 11. Bxf3 Bc5 12. b4 Be7 13. a4 d4 14. Nc4 dxc3 15. Bxc3
Nd4 16. Nxe5 Nxf3+ 17. Nxf3 O-O-O 18. Ne5 Qe8 19. O-O h5 20. a5 Bd6 21. f4 h4
22. g4 b6 23. axb6 axb6 24. Ra8+ Kb7 25. Rxd8 Qxd8 26. Nxf7 Qf8 27. Nxh8 Qxh8
28. e5 Nd5 29. exd6 Ne3 30. Qf3+ Kc8 31. Qxe3 cxd6 32. Rc1 Qg8 33. Bxg7+ Kb8 34.
Qxb6+ 1-0

[Event "Challenge"]
[Site "http://www.queenalice.com/game.php?id=522809"]
[Date "2009.1.15"]
[Round "-"]
[White "robiguapi"]
[Black "Jeff_Of_Love"]
[Result "0-1"]
[WhiteElo "1422"]
[BlackElo "1747"]

1. d4 e6 2. e4 d5 3. f3 Nf6 4. c4 dxe4 5. Ne2 Nc6 6. fxe4 Nxe4 7. d5 Ne5 8. Nf4
Bb4+ 9. Bd2 Bc5 10. b4 Bd4 11. Bc3 Bf2+ 12. Ke2 Nxc3+ 13. Nxc3 Bh4 14. g3 Be7
15. Qd4 f6 16. Nh5 O-O 17. Rd1 Bxb4 18. Bh3 exd5 19. cxd5 Bxh3 20. Qxb4 Bg4+ 21.
Kf2 Bxd1 22. Rxd1 f5 23. Qxb7 Ng4+ 24. Kf3 Nxh2+ 25. Kg2 Ng4 26. Nb5 Ne3+ 27.
Kh3 Nxd1 28. Nxc7 Rf7 29. d6 Ne3 30. Nf4 Rxc7 31. dxc7 Qc8 32. Nd5 Qxb7 0-1

[Event "Challenge"]
[Site "http://www.queenalice.com/game.php?id=522810"]
[Date "2009.1.15"]
[Round "-"]
[White "caiofelipe"]
[Black "robiguapi"]
[Result "0-1"]
[WhiteElo "1048"]
[BlackElo "1278"]

1. e4 c6 2. Bc4 d5 3. exd5 cxd5 4. Bb3 e6 5. d3 Bb4+ 6. c3 Ba5 7. Nh3 Nf6 8. O-O
Nc6 9. c4 Nd4 10. Ba4+ Bd7 11. Bxd7+ Qxd7 12. b3 Qd6 13. g3 a6 14. Re1 Bxe1 15.
Qxe1 Nc2 16. Qc3 Nxa1 17. Qxa1 b5 18. cxb5 axb5 19. Bf4 Qb6 20. g4 O-O 21. g5
Nh5 22. g6 d4 23. Ng5 Nxf4 24. Nxh7 Rfc8 25. Nd2 e5 26. a4 Qxg6+ 27. Kf1 Qxh7
28. Ne4 Nxd3 29. Nd6 Rc1+ 30. Qxc1 Nxc1 0-1

[Event "Challenge"]
[Site "http://www.queenalice.com/game.php?id=522812"]
[Date "2009.1.15"]
[Round "-"]
[White "jld"]
[Black "robiguapi"]
[Result "1-0"]
[WhiteElo "1474"]
[BlackElo "1100"]

1. d4 d6 2. e4 Nc6 3. c3 Be6 4. d5 Qd7 5. dxe6 Qxe6 6. f3 O-O-O 7. b4 d5 8. Nd2
Nf6 9. b5 Ne5 10. f4 dxe4 11. fxe5 Qxe5 12. Qe2 Qxc3 13. Rb1 e6 14. Bb2 Qc2 15.
Qd1 Qc5 16. Rc1 Qb4 17. Qc2 e3 18. Qxc7# 1-0

[Event "AUTO-OPEN-1403"]
[Site "http://www.queenalice.com/game.php?id=522988"]
[Date "2009.1.15"]
[Round "1"]
[White "An0nymous"]
[Black "robiguapi"]
[Result "0-1"]
[WhiteElo "1484"]
[BlackElo "1281"]

1. e4 c6 2. d4 d5 3. f3 e6 4. e5 f6 5. f4 g6 6. h3 b6 7. c3 Bh6 8. g3 c5 9. Bb5+
Nd7 10. Bxd7+ Bxd7 11. Ne2 g5 12. exf6 gxf4 13. Bxf4 Qxf6 14. Be5 Qg6 15. Bxh8
Ne7 16. O-O O-O-O 17. Bf6 Bf8 18. Bxe7 Bxe7 19. g4 h5 20. Nf4 Qg5 21. Nd2 Qh4
22. Ng6 Qg3+ 23. Kh1 Bg5 24. Rf8 Be3 25. Rxd8+ Kxd8 26. dxc5 Qxh3# 0-1

[Event "AUTO-OPEN-1403"]
[Site "http://www.queenalice.com/game.php?id=522989"]
[Date "2009.1.15"]
[Round "1"]
[White "robiguapi"]
[Black "An0nymous"]
[Result "1-0"]
[WhiteElo "1087"]
[BlackElo "1475"]

1. e4 e5 2. c3 c5 3. d4 d6 4. dxe5 dxe5 5. Qxd8+ Kxd8 6. Bg5+ f6 7. Bh4 g5 8.
Bg3 f5 9. Bxe5 fxe4 10. Bc4 Ne7 11. Bxh8 b6 12. Nd2 Ng6 13. Bf6+ Be7 14. Nxe4
Bb7 15. Bxe7+ Nxe7 16. f3 g4 17. Ng5 Kc8 18. Nf7 gxf3 19. gxf3 Nd7 20. Rd1 Kc7
21. Be6 Rd8 22. Nxd8 Kxd8 23. Rxd7+ 1-0

[Event "AUTO-OPEN-1403"]
[Site "http://www.queenalice.com/game.php?id=523010"]
[Date "2009.1.15"]
[Round "1"]
[White "robiguapi"]
[Black "BRANDAO"]
[Result "0-1"]
[WhiteElo "1404"]
[BlackElo "1714"]

1. e4 c5 2. Qh5 e6 3. Be2 Nf6 4. Qh3 Nxe4 5. f3 Nf6 6. b3 d5 7. Bb5+ Bd7 8. Nc3
d4 9. Bxd7+ Nbxd7 10. Nce2 Bd6 11. f4 Ne4 12. c3 Qb6 13. c4 O-O-O 14. d3 Qb4+
15. Kf1 Nd2+ 0-1

[Event "AUTO-OPEN-1403"]
[Site "http://www.queenalice.com/game.php?id=523011"]
[Date "2009.1.15"]
[Round "1"]
[White "BRANDAO"]
[Black "robiguapi"]
[Result "1-0"]
[WhiteElo "1707"]
[BlackElo "1408"]

1. d4 b6 2. e4 Bb7 3. Nc3 Nf6 4. Bg5 Ng4 5. f3 h6 6. Bh4 Ne3 7. Qe2 Nxf1 8. Kxf1
Ba6 9. Nb5 c6 10. a4 cxb5 11. axb5 Bc8 12. c4 g5 13. Bg3 e6 14. h4 Bg7 15. e5
1-0

[Event "AUTO-OPEN-1403"]
[Site "http://www.queenalice.com/game.php?id=523012"]
[Date "2009.1.15"]
[Round "1"]
[White "robiguapi"]
[Black "thekiller"]
[Result "1-0"]
[WhiteElo "1311"]
[BlackElo "1565"]

1. e4 e5 2. c3 Nf6 3. Bc4 c6 4. d3 a6 5. Nf3 Qc7 6. Qb3 d5 7. exd5 cxd5 8. Bxd5
Nxd5 9. Qxd5 Be6 10. Qe4 h6 11. Nxe5 Bd6 12. Nf3 O-O 13. Nd4 Re8 14. f4 1-0

[Event "AUTO-OPEN-1403"]
[Site "http://www.queenalice.com/game.php?id=523013"]
[Date "2009.1.15"]
[Round "1"]
[White "thekiller"]
[Black "robiguapi"]
[Result "0-1"]
[WhiteElo "1565"]
[BlackElo "1358"]

1. e4 e6 2. d4 f5 3. e5 Nc6 4. Nf3 d6 5. Bg5 Be7 6. Bxe7 Qxe7 7. Bb5 a6 8. Bxc6+
bxc6 9. O-O Nh6 10. h3 a5 11. Nbd2 Rb8 12. b3 Ba6 13. c4 O-O 0-1